000 nam a22 7a 4500
999 _c8037
_d8037
008 171123b xxu||||| |||| 00| 0 eng d
020 _a9780198065272
100 _aSingaravelavan R
_94486
245 _aFood and Beverage Service
260 _aNew Delhi
_bOxford University Press
_c2011